Change a Letter - Make a... - Statistics

General Stats
  • This quiz has been taken 45 times
  • The average score is 4 of 15
Answer Stats
Make a... Change From % Correct
Language Javanese Japanese
96%
Capital Apia Asia
46%
Country Iraq Iran
46%
Car Type Sedan Sudan
38%
Country Gambia Zambia
35%
Religion Hindu Hindi
31%
Capital Manama Panama
31%
Animal Beagle Eagle
23%
Alcohol Methanol Ethanol
19%
Junk Food Cake Coke
15%
Element Cerium Cesium
12%
Instrument Clavinet Clarinet
12%
Animal Crow Cow
12%
Ethnicity Sundanese Sudanese
12%
Body Part Ileum Ilium
4%
No matching quizzes found
Score Distribution
Percent of People with Each Score
Percentile by Number Answered
Your Score History
You have not taken this quiz